| 000 | 00835nam a22001817a 4500 | ||
|---|---|---|---|
| 999 |
_c58669 _d58669 |
||
| 003 | Ge_BSU | ||
| 005 | 20220624120006.0 | ||
| 008 | 220624s2022 ge ||||| |||| 00| 0 geo d | ||
| 020 | _a9789941932380 | ||
| 041 | _ageo | ||
| 080 | _a349.9(479.22)(094.4) ს-32 | ||
| 245 |
_aსაქართველოს სამოქალაქო საპროცესო კოდექსი : _b2022 წლის 10 მარტის მდგომარეობით / |
||
| 264 |
_aთბილისი : _bიურისტების სამყარო, _c2022. |
||
| 300 |
_a330 გვ. ; _b21 სმ. |
||
| 490 | _aიურისტების სამყარო | ||
| 653 | _aსაქართველოს სამოქალაქო საპროცესო კოდექსი. | ||
| 942 |
_2udc _cBK |
||